000 00399nam a2200145Ia 4500
008 230917s9999||||xx |||||||||||||| ||und||
040 _e210018
_aMAIN
041 _aEnglish
082 _a362.732 P79S
100 _aPoonam Devi
245 0 _aStudy of general health, security, insecurity and self-expression of orphans at different age groups
260 _c2013
300 _a75 p.
942 _cTH
999 _c126071
_d126071